000 00269nam a22001217a 4500
008 170601b xxu||||| |||| 00| 0 eng d
041 _aeng
080 _a93(6)
100 _a17
101 _ashh
245 _aARMIES AND PARTIES IN AFRICA
_cBIENEN, H
942 _2udc
_cBK
999 _c15523
_d15523